000 00368nam a2200133Ia 4500
008 220204s9999 xx 000 0 und d
082 _a338.246.88
_bBRE
100 _aBrecher, J
245 0 _aGlobal village or global pillage : Economic reconstruction from the bottom up
260 _aBoston
_c1994
650 _aGlobalization
700 _aCostello, T
942 _cBK
999 _c41362
_d41362